[Event "III Festival Magistrale"]
[Site "Nereto ITA"]
[Date "1998.08.11"]
[Round "1"]
[White "Badea, Bela"]
[Black "Simeoni, Matteo"]
[Result "1-0"]
[WhiteElo "2530"]
[BlackElo "2035"]
[PlyCount "77"]
[EventDate "1998.08.11"]

1.Nf3 f5 2.g3 Nf6 3.Bg2 e6 4.O-O Be7 5.d3 d6 6.c4 O-O 7.Nc3 c6 8.e4 e5 9.
exf5 Bxf5 10.d4 Nbd7 11.h3 Qe8 12.Re1 Bd8 13.c5 d5 14.Nxe5 Nxe5 15.dxe5 
Nd7 16.g4 Be6 17.f4 Nxc5 18.f5 d4 19.Na4 Nxa4 20.Qxa4 Qf7 21.Qc2 Bh4 22.
Rd1 Bd5 23.e6 Qf6 24.Bxd5 cxd5 25.Qd3 Qe5 26.Bd2 Qe4 27.Bb4 Rfd8 28.Bc5 
Bf6 29.Bxd4 Rac8 30.Qxe4 dxe4 31.Bxf6 gxf6 32.Rxd8+ Rxd8 33.Re1 Rd4 34.Rc1
e3 35.Kf1 Kg7 36.Ke2 Rd2+ 37.Kxe3 Rxb2 38.Rc7+ Kg8 39.Rc8+ 1-0

[Event "III Festival Magistrale"]
[Site "Nereto ITA"]
[Date "1998.08.11"]
[Round "1"]
[White "Contin, Daniel"]
[Black "Tribuiani, Renato"]
[Result "1-0"]
[WhiteElo "2340"]
[BlackElo "2125"]
[PlyCount "67"]
[EventDate "1998.08.11"]

1.e4 c5 2.Nf3 e6 3.d4 cxd4 4.Nxd4 a6 5.c4 Nf6 6.Nc3 Qc7 7.Qe2 d6 8.g3 Nc6 
9.Nc2 b6 10.Bg2 Bb7 11.b3 Be7 12.O-O O-O 13.Bb2 Nd7 14.Rac1 Rac8 15.Ne3 
Qb8 16.f4 Nc5 17.Ncd5 exd5 18.exd5 Rfe8 19.dxc6 Bxc6 20.Bxc6 Rxc6 21.Nd5 
Bf8 22.Qg4 Kh8 23.Nf6 Re6 24.Nh5 Rg6 25.Qf3 Rc8 26.f5 Rh6 27.f6 g5 28.Ng7 
Qb7 29.Qf5 Rg6 30.Rce1 Rd8 31.Re7 Rd7 32.Re8 Kg8 33.Rfe1 Ne6 34.R1xe6 1-0

[Event "III Festival Magistrale"]
[Site "Nereto ITA"]
[Date "1998.08.11"]
[Round "1"]
[White "Farina, Saverio"]
[Black "Suppa, Ercole"]
[Result "1/2-1/2"]
[WhiteElo "2170"]
[BlackElo "2115"]
[PlyCount "49"]
[EventDate "1998.08.11"]

1.d4 Nf6 2.c4 g6 3.Nc3 Bg7 4.e4 d6 5.Nge2 c5 6.d5 O-O 7.Ng3 Qa5 8.Be2 b5 
9.cxb5 a6 10.a4 axb5 11.Bxb5 Bg4 12.f3 Bd7 13.O-O Bxb5 14.Nxb5 Na6 15.Bd2 
Nb4 16.Bc3 Nd7 17.Bxg7 Kxg7 18.f4 Nb6 19.b3 c4 20.bxc4 Nxa4 21.Kh1 Rfc8 
22.Nc3 Nc2 23.Rxa4 Qxc3 24.Rxa8 Rxa8 25.Qf3 1/2-1/2

[Event "III Festival Magistrale"]
[Site "Nereto ITA"]
[Date "1998.08.11"]
[Round "1"]
[White "Komljenovic, Davorin"]
[Black "Jurkovic, Ante"]
[Result "1-0"]
[WhiteElo "2480"]
[BlackElo "2315"]
[PlyCount "64"]
[EventDate "1998.08.11"]

1.c4 g6 2.Nc3 Bg7 3.d4 Nf6 4.g3 c6 5.Bg2 O-O 6.e3 d6 7.Nge2 e5 8.O-O Nbd7 
9.b3 Re8 10.Ba3 exd4 11.Nxd4 Nc5 12.Qc2 Qa5 13.Bb2 Bd7 14.Rad1 Rad8 15.e4 
a6 16.Nde2 Bc8 17.h3 h5 18.a3 Qc7 19.b4 Ne6 20.f4 a5 21.Na4 axb4 22.axb4 
Nf8 23.Bd4 Qe7 24.Nec3 N6d7 25.Bxg7 Kxg7 26.Qf2 Nf6 27.Nb6 Ne6 28.Rd2 Nc7 
29.Nxc8 Rxc8 30.Rfd1 Rcd8 31.Kh2 Ne6 32.Rd3 Rh8 1-0

[Event "III Festival Magistrale"]
[Site "Nereto ITA"]
[Date "1998.08.11"]
[Round "1"]
[White "Lauria, Amilcare"]
[Black "Safranska, Anda"]
[Result "1-0"]
[WhiteElo "2255"]
[BlackElo "2275"]
[PlyCount "47"]
[EventDate "1998.08.11"]

1.e4 Nf6 2.Bc4 d6 3.d3 e5 4.Nf3 Be7 5.O-O O-O 6.Nc3 c6 7.Bb3 b5 8.a4 b4 9.
Ne2 Nbd7 10.c3 d5 11.Ng3 Re8 12.Re1 Bf8 13.d4 exd4 14.e5 Ng4 15.cxd4 g6 
16.h3 Nh6 17.Bg5 f6 18.exf6 Rxe1+ 19.Qxe1 Nf7 20.Rc1 Bb7 21.h4 Qe8 22.Qd2 
h6 23.Re1 Qd8 24.Qd3 1-0

[Event "III Festival Magistrale"]
[Site "Nereto ITA"]
[Date "1998.08.11"]
[Round "1"]
[White "Lazarev, Vladimir"]
[Black "Aleksic, Nenad"]
[Result "1-0"]
[WhiteElo "2450"]
[BlackElo "2445"]
[PlyCount "93"]
[EventDate "1998.08.11"]

1.d4 Nf6 2.c4 e6 3.Nc3 Bb4 4.Qc2 O-O 5.a3 Bxc3+ 6.Qxc3 b6 7.Bg5 Ba6 8.e3 
d6 9.Bd3 Nbd7 10.Ne2 c5 11.b4 Rc8 12.dxc5 bxc5 13.b5 Bb7 14.O-O Qc7 15.Qc2
h6 16.Bh4 Ba8 17.f3 Rfe8 18.Kh1 d5 19.a4 dxc4 20.Bxc4 Bd5 21.e4 Bxc4 22.
Qxc4 Ne5 23.Qc3 Nfd7 24.Bg3 f6 25.a5 Qb7 26.Rab1 a6 27.b6 Nc6 28.Rfd1 e5 
29.Rd6 Kh8 30.Rbd1 Nd4 31.Qc4 Nb8 32.Nc3 Qe7 33.Rd5 Red8 34.Rxd8+ Rxd8 35.
h3 Kh7 36.Nd5 Qe6 37.Rd3 Qd6 38.Nc7 Qc6 39.Rc3 Nb5 40.Nxb5 Rd1+ 41.Kh2 
axb5 42.Qxc5 Qd7 43.Qc8 Qd4 44.Qf5+ Kg8 45.Rc8+ Kf7 46.Rc7+ Kg8 47.Bxe5 
1-0

[Event "III Festival Magistrale"]
[Site "Nereto ITA"]
[Date "1998.08.11"]
[Round "1"]
[White "Sbraccia, Giovanni"]
[Black "Barlov, Dragan"]
[Result "0-1"]
[WhiteElo "2115"]
[BlackElo "2495"]
[PlyCount "52"]
[EventDate "1998.08.11"]

1.g3 f5 2.Bg2 e5 3.d3 Nf6 4.e4 fxe4 5.dxe4 Bc5 6.Nc3 O-O 7.Nf3 d6 8.O-O a6
9.Bg5 h6 10.Bc1 Be6 11.Qd3 b5 12.b3 Nbd7 13.Be3 Bb4 14.Nh4 Nc5 15.Bxc5 
Bxc5 16.Ng6 Rf7 17.Rad1 Ng4 18.Rd2 Rxf2 19.Rfxf2 Nxf2 20.Rxf2 Bxf2+ 21.Kh1
c6 22.Nh4 Bd4 23.Ne2 Bc5 24.Nf5 Qf8 25.Bh3 Re8 26.Qf3 Kh7 0-1

[Event "III Festival Magistrale"]
[Site "Nereto ITA"]
[Date "1998.08.12"]
[Round "2"]
[White "Aleksic, Nenad"]
[Black "Simeoni, Matteo"]
[Result "1-0"]
[WhiteElo "2445"]
[BlackElo "2035"]
[PlyCount "81"]
[EventDate "1998.08.11"]

1.e4 c5 2.Nf3 d6 3.d4 cxd4 4.Nxd4 Nf6 5.Nc3 a6 6.g3 e5 7.Nde2 b5 8.Bg5 Be7
9.Bxf6 Bxf6 10.Nd5 Bg5 11.Bg2 Nc6 12.O-O Bb7 13.Qd3 O-O 14.Rfd1 Ra7 15.c3 
Ba8 16.a4 Rb7 17.axb5 Rxb5 18.b4 Bb7 19.Nc1 Qb8 20.Nb3 Bd8 21.Nd2 Bc8 22.
Nc4 h6 23.Na3 Rb7 24.Qxa6 Ne7 25.Nxe7+ Bxe7 26.Qd3 Be6 27.Nc4 Rd8 28.Ne3 
Bf8 29.Ra3 Qc8 30.Nd5 Qd7 31.Rda1 Rdb8 32.Ra8 Kh8 33.h4 f5 34.exf5 Bxf5 
35.Be4 Be6 36.Qf3 Kg8 37.Ne3 Rb5 38.Bc6 Qf7 39.Qxf7+ Bxf7 40.Bxb5 Rxb5 41.
Rd8 1-0

[Event "III Festival Magistrale"]
[Site "Nereto ITA"]
[Date "1998.08.12"]
[Round "2"]
[White "Badea, Bela"]
[Black "Sansonetti, Giorgio"]
[Result "1-0"]
[WhiteElo "2530"]
[BlackElo "2200"]
[PlyCount "39"]
[EventDate "1998.08.11"]

1.Nf3 e6 2.g3 d5 3.Bg2 c5 4.O-O Nc6 5.c4 g6 6.cxd5 exd5 7.d4 cxd4 8.Nxd4 
Bg7 9.Nxc6 bxc6 10.e4 d4 11.e5 Qb6 12.Qa4 Bd7 13.Na3 c5 14.Nc4 Qc7 15.Qb3 
Rb8 16.Nd6+ Qxd6 17.exd6 Rxb3 18.axb3 Bf8 19.Re1+ Kd8 20.Bf4 1-0

[Event "III Festival Magistrale"]
[Site "Nereto ITA"]
[Date "1998.08.12"]
[Round "2"]
[White "Barlov, Dragan"]
[Black "Contin, Daniel"]
[Result "1-0"]
[WhiteElo "2495"]
[BlackElo "2340"]
[PlyCount "105"]
[EventDate "1998.08.11"]

1.d4 Nf6 2.c4 e6 3.Nf3 b6 4.g3 Ba6 5.Qb3 Nc6 6.Bd2 Ne4 7.Bg2 Nxd2 8.Nbxd2 
Bb4 9.e3 O-O 10.O-O Bxd2 11.Nxd2 d5 12.Rfc1 Na5 13.Qa4 Nxc4 14.Qxa6 Nxd2 
15.b3 Ne4 16.Bxe4 dxe4 17.Qb7 Rc8 18.Qxe4 c5 19.dxc5 bxc5 20.Rc4 Qa5 21.
Qc2 Qa6 22.Rxc5 Rxc5 23.Qxc5 Rc8 24.Qd4 Qa3 25.Rd1 h5 26.Qd7 Qc5 27.h4 a5 
28.Rd4 Qc1+ 29.Kg2 Rc7 30.Qb5 Qc6+ 31.Qxc6 Rxc6 32.Rd8+ Kh7 33.Ra8 Rc5 34.
Kf3 Kg6 35.Ke4 Rb5 36.Kd4 Kf6 37.e4 Rb4+ 38.Ke3 Rb5 39.Ra7 Kg6 40.f3 e5 
41.Kd3 Rc5 42.a4 f6 43.f4 Kh6 44.Ra6 exf4 45.gxf4 Rc1 46.e5 Kg6 47.e6 Kf5 
48.Rxa5+ Kg4 49.Ra7 g6 50.Rg7 Kxf4 51.e7 Re1 52.a5 g5 53.a6 1-0

[Event "III Festival Magistrale"]
[Site "Nereto ITA"]
[Date "1998.08.12"]
[Round "2"]
[White "Farina, Saverio"]
[Black "Lazarev, Vladimir"]
[Result "1/2-1/2"]
[WhiteElo "2170"]
[BlackElo "2450"]
[PlyCount "56"]
[EventDate "1998.08.11"]

1.d4 Nf6 2.c4 c5 3.e3 g6 4.Nc3 Bg7 5.Nf3 O-O 6.Be2 cxd4 7.exd4 d5 8.O-O 
Nc6 9.Be3 b6 10.Ne5 Bb7 11.Bf3 Na5 12.cxd5 Nxd5 13.Nxd5 Bxd5 14.Rc1 f6 15.
Nd3 e5 16.Bxd5+ Qxd5 17.dxe5 fxe5 18.Nb4 Qf7 19.Qd5 Rad8 20.Qxf7+ Rxf7 21.
Rfd1 Rfd7 22.Rxd7 Rxd7 23.Kf1 e4 24.b3 Be5 25.Ke2 Kf7 26.h3 Ke6 27.Nc6 
Nxc6 28.Rxc6+ Kd5 1/2-1/2

[Event "III Festival Magistrale"]
[Site "Nereto ITA"]
[Date "1998.08.12"]
[Round "2"]
[White "Komljenovic, Davorin"]
[Black "Lauria, Amilcare"]
[Result "1/2-1/2"]
[WhiteElo "2480"]
[BlackElo "2255"]
[PlyCount "103"]
[EventDate "1998.08.11"]

1.c4 g6 2.Nc3 Bg7 3.d4 d6 4.g3 Nc6 5.d5 Nb8 6.Bg2 Nf6 7.Nf3 O-O 8.O-O a5 
9.Bf4 Na6 10.Qd2 Nc5 11.Bh6 Bg4 12.Bxg7 Kxg7 13.h3 Bd7 14.Ne1 Qc8 15.Kh2 
Ng8 16.Qd4+ f6 17.e4 e5 18.dxe6 Nxe6 19.Qe3 Nh6 20.Nd3 Ng5 21.g4 Bxg4 22.
c5 Bf3 23.Ne1 Bxg2 24.Nxg2 Re8 25.cxd6 Nf5 26.Qd3 Nxd6 27.Rae1 Qe6 28.e5 
Qf5 29.Qxf5 Nxf5 30.f4 Ne6 31.exf6+ Kxf6 32.Nd5+ Kf7 33.Rxe6 Rxe6 34.Nxc7 
Rc8 35.Nxe6 Kxe6 36.Rf2 Rc1 37.Re2+ Kd6 38.Ne1 Rd1 39.Nf3 Nd4 40.Nxd4 Rxd4
41.Kg3 Rd3+ 42.Kg4 Rd5 43.h4 b5 44.Re8 Kd7 45.Ra8 h5+ 46.Kf3 a4 47.Ra7+ 
Ke6 48.Ke3 Rc5 49.Rg7 a3 50.bxa3 Rc3+ 51.Ke4 Rxa3 52.Rb7 1/2-1/2

[Event "III Festival Magistrale"]
[Site "Nereto ITA"]
[Date "1998.08.12"]
[Round "2"]
[White "Safranska, Anda"]
[Black "Jurkovic, Ante"]
[Result "0-1"]
[WhiteElo "2275"]
[BlackElo "2315"]
[PlyCount "116"]
[EventDate "1998.08.11"]

1.e4 e6 2.d3 d5 3.Qe2 Nf6 4.Nf3 Be7 5.g3 b6 6.e5 Nfd7 7.h4 c5 8.Bg2 Bb7 9.
O-O h6 10.h5 Nc6 11.Re1 Nf8 12.a3 g6 13.Nh2 Nd4 14.Qd1 Qd7 15.c3 Nf5 16.
Nd2 O-O-O 17.Ndf1 gxh5 18.Qxh5 Ng6 19.Bd2 Rdg8 20.b4 Ng7 21.Qe2 h5 22.bxc5
bxc5 23.Rab1 Nf5 24.Rb2 Qc7 25.Nf3 h4 26.Reb1 Bc6 27.d4 c4 28.Qd1 hxg3 29.
fxg3 Kd7 30.Bc1 Rb8 31.Qd2 Rb6 32.Ne3 Nxe3 33.Qxe3 Qd8 34.Rxb6 axb6 35.Bd2
Ba4 36.Rf1 Rh5 37.Qf2 Qg8 38.Bc1 b5 39.Qe2 Nf8 40.Ne1 Qg6 41.Rf4 Rh7 42.
Rf3 Qb1 43.Qb2 Qxb2 44.Bxb2 Bg5 45.Rf2 Be3 46.Bf3 Ke8 47.Kg2 Bxf2 48.Kxf2 
Rh2+ 49.Bg2 Bd1 50.Bc1 Nd7 51.Bg5 Rh5 52.Bf4 Nb6 53.Nf3 Na4 54.Bd2 Nb2 55.
g4 Rh8 56.Kg3 Bxf3 57.Kxf3 Kd7 58.Bf1 Ra8 0-1

[Event "III Festival Magistrale"]
[Site "Nereto ITA"]
[Date "1998.08.12"]
[Round "2"]
[White "Suppa, Ercole"]
[Black "Sbraccia, Giovanni"]
[Result "1-0"]
[WhiteElo "2115"]
[BlackElo "2115"]
[PlyCount "131"]
[EventDate "1998.08.11"]

1.e4 c6 2.d4 d5 3.e5 Bf5 4.c3 e6 5.Be3 Ne7 6.Nd2 c5 7.dxc5 Nec6 8.Ngf3 Nd7
9.Nb3 Ndxe5 10.Nxe5 Nxe5 11.Nd4 Rc8 12.Bb5+ Nc6 13.Qa4 Qd7 14.b4 Be7 15.
Nxf5 exf5 16.O-O O-O 17.Rad1 Bf6 18.Qb3 Qc7 19.Rxd5 f4 20.Bc1 Rce8 21.Rfd1
Re7 22.Qc2 Rfe8 23.Qd2 a6 24.Bf1 Re4 25.Bd3 R4e7 26.Bf1 g5 27.Rd7 Qe5 28.
Rxe7 Rxe7 29.c4 Nd4 30.Kh1 f3 31.Bb2 fxg2+ 32.Bxg2 g4 33.Bxd4 Qxd4 34.Qxd4
Bxd4 35.Rxd4 Re1+ 36.Bf1 Rxf1+ 37.Kg2 Ra1 38.Rd7 h5 39.h3 gxh3+ 40.Kxh3 
Rxa2 41.Rxb7 Rc2 42.Kh4 Rxc4+ 43.Kxh5 Kg7 44.Ra7 a5 45.Rxa5 Rxb4 46.Kg5 
Kf8 47.Kf5 Ke7 48.Ra7+ Kd8 49.Ke5 Rc4 50.Rxf7 Ke8 51.Kd5 Rc2 52.Rf4 Kd7 
53.c6+ Kc7 54.Rf7+ Kc8 55.f4 Rd2+ 56.Ke6 Re2+ 57.Kf6 Rf2 58.f5 Rf1 59.Rg7 
Rc1 60.c7 Rc6+ 61.Kg5 Rc5 62.Re7 Rc1 63.f6 Rg1+ 64.Kh6 Rf1 65.f7 Rh1+ 66.
Kg5 1-0

[Event "III Festival Magistrale"]
[Site "Nereto ITA"]
[Date "1998.08.13"]
[Round "3"]
[White "Barlov, Dragan"]
[Black "Badea, Bela"]
[Result "1/2-1/2"]
[WhiteElo "2495"]
[BlackElo "2530"]
[PlyCount "20"]
[EventDate "1998.08.11"]

1.d4 g6 2.e4 Bg7 3.Nf3 d6 4.Nc3 c6 5.a4 Bg4 6.Be2 Qb6 7.a5 Qc7 8.Be3 Nd7 
9.Nd2 Bxe2 10.Qxe2 Ngf6 1/2-1/2

[Event "III Festival Magistrale"]
[Site "Nereto ITA"]
[Date "1998.08.13"]
[Round "3"]
[White "Contin, Daniel"]
[Black "Farina, Saverio"]
[Result "1-0"]
[WhiteElo "2340"]
[BlackElo "2170"]
[PlyCount "70"]
[EventDate "1998.08.11"]

1.e4 e6 2.d4 d5 3.Nc3 c5 4.exd5 exd5 5.dxc5 Nf6 6.Bb5+ Nc6 7.Be3 Be7 8.Nf3
O-O 9.h3 Be6 10.O-O Qc7 11.Bxc6 bxc6 12.b4 Rad8 13.Nd4 Nd7 14.f4 Nf6 15.
Qf3 Rfe8 16.Nxe6 fxe6 17.Bd4 Qd7 18.a3 Rf8 19.Rad1 Rde8 20.g4 h6 21.Qg3 
Nh7 22.Ne2 Bf6 23.Qe3 Qc7 24.Rde1 e5 25.fxe5 Bxe5 26.Rxf8+ Nxf8 27.Kg2 Qf7
28.Ng1 Ng6 29.Nf3 Nf4+ 30.Kh1 Nxh3 31.Nxe5 Rxe5 32.Qxe5 Qf3+ 33.Kh2 Qxg4 
34.Rf1 h5 35.Rf3 h4 1-0

[Event "III Festival Magistrale"]
[Site "Nereto ITA"]
[Date "1998.08.13"]
[Round "3"]
[White "Jurkovic, Ante"]
[Black "Tribuiani, Renato"]
[Result "0-1"]
[WhiteElo "2315"]
[BlackElo "2125"]
[PlyCount "56"]
[EventDate "1998.08.11"]

1.e4 Nc6 2.Nf3 f5 3.exf5 d5 4.Nh4 e5 5.Qh5+ g6 6.fxg6 Nf6 7.Qg5 Bc5 8.d3 
Qe7 9.Be2 Bd7 10.O-O O-O-O 11.Nf5 Qe6 12.g7 Rhe8 13.Nh6 Be7 14.Nc3 Nd4 15.
Bh5 Nxh5 16.Qxh5 c6 17.Be3 Nxc2 18.Rac1 Nb4 19.Bxa7 Nxd3 20.Bb6 Nf4 21.Qf7
Qxh6 22.Nxd5 Ne2+ 23.Kh1 Qe6 24.Nxe7+ Rxe7 25.Qf8 Ree8 26.Qf3 Nxc1 27.Qa3 
Qxa2 28.Qd6 Be6 0-1

[Event "III Festival Magistrale"]
[Site "Nereto ITA"]
[Date "1998.08.13"]
[Round "3"]
[White "Lazarev, Vladimir"]
[Black "Lauria, Amilcare"]
[Result "1-0"]
[WhiteElo "2450"]
[BlackElo "2255"]
[PlyCount "69"]
[EventDate "1998.08.11"]

1.d4 g6 2.c4 Bg7 3.e4 d6 4.Nc3 Nf6 5.h3 O-O 6.Bg5 h6 7.Be3 e5 8.d5 c6 9.g4
cxd5 10.cxd5 a6 11.Bd3 Nbd7 12.Nge2 b5 13.Ng3 Nc5 14.Bc2 b4 15.Nce2 a5 16.
Qd2 Kh7 17.f3 Ba6 18.h4 Ng8 19.b3 Rc8 20.Kf2 Qd7 21.a3 Qb5 22.axb4 axb4 
23.h5 Nd3+ 24.Bxd3 Qxd3 25.Rhd1 Qxd2 26.Bxd2 Bxe2 27.Kxe2 Rc2 28.Kd3 Rb2 
29.Rdb1 Rxb1 30.Rxb1 Rb8 31.Ra1 Bf6 32.Ra7 Kg7 33.hxg6 Kxg6 34.Nf5 Bg5 35.
Nxd6 1-0

[Event "III Festival Magistrale"]
[Site "Nereto ITA"]
[Date "1998.08.13"]
[Round "3"]
[White "Sansonetti, Giorgio"]
[Black "Aleksic, Nenad"]
[Result "0-1"]
[WhiteElo "2200"]
[BlackElo "2445"]
[PlyCount "124"]
[EventDate "1998.08.11"]

1.d4 Nf6 2.Nc3 d5 3.Bg5 Nbd7 4.f3 e6 5.e4 Be7 6.e5 Ng8 7.Bf4 c5 8.Nge2 a6 
9.Qd2 Bf8 10.Nd1 cxd4 11.Nxd4 Ne7 12.Bg3 Nc6 13.f4 Nc5 14.Nxc6 bxc6 15.Bd3
a5 16.O-O g6 17.Rf3 Be7 18.Kh1 Ba6 19.Nf2 h5 20.h3 Qb6 21.Bxa6 Rxa6 22.c3 
Ra8 23.Bh2 Rd8 24.Bg1 Qb5 25.Qc2 Kf8 26.Rb1 Kg7 27.b4 Rb8 28.a3 Rhd8 29.
Rc1 Nd7 30.g4 hxg4 31.Nxg4 Rh8 32.Qg2 Rh5 33.Rcf1 Rbh8 34.Bd4 Kf8 35.Kh2 
c5 36.bxc5 Bxc5 37.Nf6 Nxf6 38.exf6 Bxd4 39.cxd4 Rf5 40.Qc2 Rxf6 41.Qc5+ 
Qxc5 42.dxc5 Kg7 43.Kg3 Rf5 44.Rc1 Rfh5 45.Kg2 Rc8 46.Rb3 Rf5 47.Kg3 d4 
48.Rb5 d3 49.Rd1 Rcxc5 50.Rxc5 Rxc5 51.Rxd3 g5 52.fxg5 Rxg5+ 53.Kf4 Rc5 
54.Rg3+ Kf6 55.Ke4 Rc4+ 56.Kd3 Ra4 57.Kc2 Rh4 58.Rb3 e5 59.Rb5 Rxh3 60.
Rxa5 Kf5 61.a4 Kf4 62.Ra8 e4 0-1

[Event "III Festival Magistrale"]
[Site "Nereto ITA"]
[Date "1998.08.13"]
[Round "3"]
[White "Sbraccia, Giovanni"]
[Black "Safranska, Anda"]
[Result "0-1"]
[WhiteElo "2115"]
[BlackElo "2275"]
[PlyCount "122"]
[EventDate "1998.08.11"]

1.g3 g6 2.Bg2 d5 3.d3 Bg7 4.Nd2 Nf6 5.Ngf3 O-O 6.O-O Nc6 7.c3 b6 8.Re1 Bb7
9.Qc2 a5 10.d4 e6 11.e4 Ne7 12.e5 Nd7 13.Bh3 c5 14.Nf1 Ba6 15.Bg5 h6 16.
Be3 Rc8 17.Qd2 Kh7 18.g4 Nc6 19.g5 Bxf1 20.Rxf1 h5 21.Rfc1 Qe7 22.Bf1 Ndb8
23.a3 Rc7 24.Bd3 Rfc8 25.Nh4 c4 26.Bc2 b5 27.Qe2 Kg8 28.Kh1 Qe8 29.f4 Bf8 
30.Rg1 Ne7 31.Rg3 Bg7 32.Rf1 Nbc6 33.Qf3 Qd7 34.Ng2 b4 35.axb4 axb4 36.f5 
exf5 37.Nf4 b3 38.Bb1 Nd8 39.Nxh5 gxh5 40.Qxh5 Rc6 41.Rh3 Rg6 42.Rf4 Ra8 
43.Rfh4 Kf8 44.Rf3 Ra1 45.Rf1 Ne6 46.Rh3 f4 47.Rhf3 Rxg5 48.Qh3 fxe3 49.
Rxf7+ Ke8 50.Qxe3 Rxb1 51.Rxe7+ Qxe7 52.Rxb1 Qf7 53.Ra1 Qf5 54.Ra8+ Nd8 
55.Ra1 Rg4 56.Re1 Re4 57.Qg3 Rxe1+ 58.Qxe1 Qe4+ 59.Qxe4 dxe4 60.Kg2 Ke7 
61.Kf2 Ke6 0-1

[Event "III Festival Magistrale"]
[Site "Nereto ITA"]
[Date "1998.08.13"]
[Round "3"]
[White "Suppa, Ercole"]
[Black "Komljenovic, Davorin"]
[Result "0-1"]
[WhiteElo "2115"]
[BlackElo "2480"]
[PlyCount "80"]
[EventDate "1998.08.11"]

1.d4 Nf6 2.Nf3 e6 3.Bg5 h6 4.Bf4 b6 5.h3 Bb7 6.e3 Be7 7.Bd3 O-O 8.Nbd2 c5 
9.c3 Nc6 10.Qe2 d5 11.O-O Bd6 12.Ne5 Qc7 13.Ndf3 Ne7 14.Rac1 c4 15.Bb1 Ne4
16.Bh2 f6 17.Ng4 b5 18.Bxd6 Qxd6 19.Nd2 Rac8 20.Nh2 a5 21.Rfe1 Rc7 22.f3 
Ng3 23.Qf2 f5 24.Nhf1 Nxf1 25.Nxf1 g5 26.a3 Ng6 27.Qg3 Qxg3 28.Nxg3 Kg7 
29.Nh5+ Kf7 30.e4 dxe4 31.fxe4 f4 32.g3 e5 33.d5 Ke8 34.Rf1 Rcf7 35.Bc2 
Bc8 36.Kg2 g4 37.hxg4 Bxg4 38.Rh1 fxg3 39.Kxg3 Be2 40.Kh3 Bxh5 0-1

[Event "III Festival Magistrale"]
[Site "Nereto ITA"]
[Date "1998.08.14"]
[Round "4"]
[White "Aleksic, Nenad"]
[Black "Contin, Daniel"]
[Result "1/2-1/2"]
[WhiteElo "2445"]
[BlackElo "2340"]
[PlyCount "77"]
[EventDate "1998.08.11"]

1.e4 e6 2.Nf3 d5 3.Nc3 Nf6 4.e5 Ne4 5.Ne2 Bc5 6.d4 Be7 7.Ng3 c5 8.dxc5 Qc7
9.Bd3 Nxc5 10.O-O Nc6 11.Re1 Nxd3 12.cxd3 O-O 13.d4 Bd7 14.a3 Qb6 15.Nh5 
Rac8 16.Rb1 f6 17.exf6 Bxf6 18.Be3 Qb5 19.b4 Ne7 20.Bg5 Rc3 21.Bxf6 gxf6 
22.Rb3 Rxb3 23.Qxb3 Nf5 24.Nf4 Rc8 25.h3 Qb6 26.Nxd5 Qd8 27.Nf4 Ng7 28.Nh2
Qc7 29.Qg3 Qc3 30.Nf3 Kf7 31.Qh4 Qc2 32.Nh5 Nxh5 33.Qxh5+ Qg6 34.Qh4 Rg8 
35.g3 Qf5 36.Nh2 h5 37.Nf1 Bc6 38.Ne3 Qf3 39.d5 1/2-1/2

[Event "III Festival Magistrale"]
[Site "Nereto ITA"]
[Date "1998.08.14"]
[Round "4"]
[White "Komljenovic, Davorin"]
[Black "Barlov, Dragan"]
[Result "1-0"]
[WhiteElo "2480"]
[BlackElo "2495"]
[PlyCount "67"]
[EventDate "1998.08.11"]

1.c4 g6 2.d4 Bg7 3.Nc3 c5 4.d5 d6 5.e4 Nf6 6.Nf3 O-O 7.h3 e6 8.Bd3 Na6 9.
O-O Nc7 10.Bg5 h6 11.Be3 e5 12.Qd2 Kh7 13.Bc2 Bd7 14.a4 Na6 15.Ne1 Nb4 16.
f4 exf4 17.Bxf4 Qe7 18.Nf3 Nh5 19.Bh2 f5 20.exf5 gxf5 21.Rae1 Qf6 22.Bb1 
Kg8 23.Qf2 a6 24.Kh1 Rae8 25.Rd1 f4 26.Ne4 Qxb2 27.Qh4 Ng3+ 28.Bxg3 fxg3 
29.Qxg3 Bxa4 30.Rd2 Qb3 31.Nxd6 Re7 32.Qg6 Rf6 33.Qh7+ Kf8 34.Rdf2 1-0

[Event "III Festival Magistrale"]
[Site "Nereto ITA"]
[Date "1998.08.14"]
[Round "4"]
[White "Lauria, Amilcare"]
[Black "Sansonetti, Giorgio"]
[Result "0-1"]
[WhiteElo "2255"]
[BlackElo "2200"]
[PlyCount "78"]
[EventDate "1998.08.11"]

1.e4 c5 2.Nf3 Nc6 3.Bb5 e6 4.O-O Nge7 5.Nc3 a6 6.Bxc6 Nxc6 7.d3 Be7 8.Bf4 
d6 9.e5 d5 10.Qd2 h6 11.d4 b6 12.Be3 Bb7 13.Kh1 Qc7 14.Rfe1 g5 15.h3 O-O-O
16.a3 Rdg8 17.Na4 c4 18.b3 Na5 19.Reb1 Bc6 20.Nc3 cxb3 21.cxb3 g4 22.hxg4 
Rxg4 23.Nh2 Rg6 24.Ne2 Kb7 25.Nf4 Rg7 26.Ra2 h5 27.Rc2 Bxa3 28.b4 Nc4 29.
Rxc4 dxc4 30.d5 Bxd5 31.Nxd5 exd5 32.Qc3 Rhg8 33.Bd4 Rxg2 34.Qxa3 Qe7 35.
Qh3 Qe6 36.Qf3 Kc6 37.Ra1 Kb7 38.b5 a5 39.Ra4 Rg1# 0-1

[Event "III Festival Magistrale"]
[Site "Nereto ITA"]
[Date "1998.08.14"]
[Round "4"]
[White "Safranska, Anda"]
[Black "Farina, Saverio"]
[Result "1/2-1/2"]
[WhiteElo "2275"]
[BlackElo "2170"]
[PlyCount "119"]
[EventDate "1998.08.11"]

1.e4 e6 2.d4 d5 3.Nd2 c5 4.Ngf3 Nc6 5.Bb5 Nf6 6.exd5 exd5 7.dxc5 Bxc5 8.
O-O O-O 9.Nb3 Bb6 10.Bg5 a6 11.Bd3 Ba7 12.c3 Qd6 13.Bh4 Bg4 14.Bg3 Qd7 15.
Bc2 Ne4 16.Bxe4 dxe4 17.Qxd7 Bxd7 18.Nfd2 Rfe8 19.Nc4 Be6 20.Nca5 Nxa5 21.
Nxa5 Re7 22.Rfd1 f6 23.Bf4 Bg4 24.Rd2 e3 25.Bxe3 Rxe3 26.fxe3 Bxe3+ 27.Rf2
Rd8 28.Nb3 Rd1+ 29.Rxd1 Bxd1 30.Nd4 Bg4 31.Nc2 Bxf2+ 32.Kxf2 Kf7 33.Ke3 
Ke7 34.Kd4 Kd6 35.c4 b6 36.b4 a5 37.a3 axb4 38.axb4 g5 39.Ne3 Be6 40.g4 
Kc6 41.Nd5 Bxg4 42.b5+ Kb7 43.Nxf6 Bf5 44.Ne8 Bg6 45.Nd6+ Kc7 46.c5 g4 47.
Nc4 bxc5+ 48.Kxc5 Be4 49.b6+ Kb8 50.Nd6 Bf3 51.Kd4 h5 52.Ke3 Bd1 53.Kf2 
Bc2 54.Kg3 Bd3 55.Kf4 Be2 56.Kg5 Bd1 57.Ne4 Kb7 58.Nf6 Kxb6 59.Nxh5 Kc7 
60.Nf6 1/2-1/2

[Event "III Festival Magistrale"]
[Site "Nereto ITA"]
[Date "1998.08.14"]
[Round "4"]
[White "Simeoni, Matteo"]
[Black "Jurkovic, Ante"]
[Result "0-1"]
[WhiteElo "2035"]
[BlackElo "2315"]
[PlyCount "62"]
[EventDate "1998.08.11"]

1.e4 e6 2.d4 d5 3.Nc3 Nf6 4.Bg5 Be7 5.e5 Nfd7 6.Bxe7 Qxe7 7.f4 O-O 8.Nf3 
c5 9.dxc5 Nc6 10.Bd3 f6 11.exf6 Qxf6 12.g3 Nxc5 13.O-O Bd7 14.Qd2 Nxd3 15.
cxd3 e5 16.Rae1 Bh3 17.Rf2 d4 18.Ne4 Qf5 19.Neg5 exf4 20.Qxf4 Qxf4 21.gxf4
Bf5 22.Rg2 Rae8 23.Kf2 h6 24.Ne4 Bxe4 25.Reg1 Bxf3 26.Rxg7+ Kh8 27.Rxb7 
Ne5 28.Rb3 Rxf4 29.Ra3 Rf7 30.Rg3 Ng4+ 31.Kf1 Bd5+ 0-1

[Event "III Festival Magistrale"]
[Site "Nereto ITA"]
[Date "1998.08.14"]
[Round "4"]
[White "Tribuiani, Renato"]
[Black "Suppa, Ercole"]
[Result "1/2-1/2"]
[WhiteElo "2125"]
[BlackElo "2115"]
[PlyCount "108"]
[EventDate "1998.08.11"]

1.d4 Nf6 2.Nf3 g6 3.Nbd2 Bg7 4.e4 d6 5.Bd3 O-O 6.O-O Nc6 7.c3 e5 8.d5 Ne7 
9.Nb3 Bg4 10.h3 Bd7 11.Bg5 Nh5 12.g4 f6 13.Be3 Nf4 14.Bxf4 exf4 15.Nfd4 
Qc8 16.Re1 Kh8 17.f3 c5 18.Nb5 Bxb5 19.Bxb5 g5 20.Be2 Ng6 21.Nd2 Rf7 22.
Nc4 Bf8 23.a4 h5 24.Kf2 Rh7 25.Rh1 b6 26.Bd3 Ne5 27.Nxe5 fxe5 28.Bb5 Be7 
29.Bc6 Rb8 30.Qg1 h4 31.Qf1 Bd8 32.Qc4 a5 33.Rhc1 Ra7 34.Rc2 Qa6 35.Bb5 
Qc8 36.Rac1 Kg7 37.b4 Kf6 38.bxa5 Rxa5 39.Rb2 Ke7 40.Rcb1 Qb7 41.Ke2 Qa7 
42.Kd3 Bc7 43.Ra2 Kd8 44.Bc6 Kc8 45.Rb5 Bd8 46.Qb3 Bc7 47.Ra3 Kd8 48.Qc4 
Ke7 49.Rxa5 bxa5 50.Bb5 Kd8 51.Kc2 Ke7 52.Rb3 Kd8 53.Bc6 Rxb3 54.Kxb3 Qb6+
1/2-1/2

[Event "III Festival Magistrale"]
[Site "Nereto ITA"]
[Date "1998.08.15"]
[Round "5"]
[White "Barlov, Dragan"]
[Black "Tribuiani, Renato"]
[Result "1-0"]
[WhiteElo "2495"]
[BlackElo "2125"]
[PlyCount "65"]
[EventDate "1998.08.11"]

1.d4 e6 2.c4 Bb4+ 3.Bd2 Bxd2+ 4.Qxd2 Nf6 5.Nc3 b6 6.e4 d6 7.g3 Nbd7 8.Bg2 
Bb7 9.Nge2 a6 10.O-O e5 11.d5 Qe7 12.b4 a5 13.a3 O-O 14.Rfb1 Rfb8 15.Nc1 
axb4 16.axb4 Qd8 17.Nb3 Nf8 18.Rxa8 Rxa8 19.c5 h5 20.c6 Bc8 21.Ra1 Rxa1+ 
22.Nxa1 Ne8 23.Nc2 Nh7 24.Ne3 Qf6 25.Qa2 Bg4 26.Qa8 Kf8 27.h3 Bf3 28.Nb5 
Bxg2 29.Nxc7 Qe7 30.Nxe8 Qxe8 31.Qxe8+ Kxe8 32.Kxg2 g6 33.c7 1-0

[Event "III Festival Magistrale"]
[Site "Nereto ITA"]
[Date "1998.08.15"]
[Round "5"]
[White "Contin, Daniel"]
[Black "Badea, Bela"]
[Result "1/2-1/2"]
[WhiteElo "2340"]
[BlackElo "2530"]
[PlyCount "80"]
[EventDate "1998.08.11"]

1.e4 g6 2.d4 d6 3.Nc3 c6 4.Bg5 Qb6 5.Qd2 Qxb2 6.Rb1 Qa3 7.h4 h5 8.Bd3 Bg7 
9.Nge2 Nd7 10.f4 e5 11.dxe5 dxe5 12.f5 Qd6 13.O-O Ngf6 14.Kh1 Ng4 15.fxg6 
Qxg6 16.Ng3 O-O 17.Nf5 Kh8 18.Ne7 Qe6 19.Nxc8 Rfxc8 20.Rxb7 Rcb8 21.Rxb8+ 
Rxb8 22.Qe2 Qg6 23.Bc4 f6 24.Be3 Nb6 25.Be6 Nxe3 26.Qxe3 Rd8 27.Qe2 Rd6 
28.Bf5 Qh6 29.Rd1 Rd4 30.a4 Bf8 31.a5 Nc4 32.Rxd4 exd4 33.Qxc4 Qc1+ 34.Kh2
Qf4+ 35.g3 Qf2+ 36.Kh3 Bd6 37.Ne2 Qf1+ 38.Kh2 Qf2+ 39.Kh3 Qf3 40.Kh2 Qf2+ 
1/2-1/2